000 00519nam a2200205Ia 4500
003 OSt
005 20250822152443.0
008 250729s2005 xx 000 0 und d
020 _a978-8171418060
040 _cAL
041 _aeng
082 _a930.7 KUMM
100 _aKumar Prashanth
_9221876
245 _aMethods of teaching civics
260 _aNew Delhi
_bDiscovery Publishing House
_c2005
300 _a267p
650 _aSocial Studies
_9221877
700 _aRao Digumurthi
_9221878
942 _2ddc
_cBED
999 _c235210
_d235210